<?xml version="1.0" encoding="UTF-8"?>
<marc:record xmlns:marc="http://www.loc.gov/MARC21/slim">
   <marc:leader>00000nam a2200000 a 4500</marc:leader>
   <marc:datafield ind1="1" ind2=" " tag="100">
      <marc:subfield code="a">Lehofer, Michael</marc:subfield>
      <marc:subfield code="4">aut</marc:subfield>
      <marc:subfield code="e">Verfasser/-in</marc:subfield>
   </marc:datafield>
   <marc:datafield ind1="0" ind2="0" tag="245">
      <marc:subfield code="a">40 verrückte Wahrheiten über Frauen und Männer</marc:subfield>
   </marc:datafield>
   <marc:datafield ind1="0" ind2="0" tag="245">
      <marc:subfield code="b">... die Sie unbedingt kennen sollten, wenn Sie mit Ihrem Partner glücklich werden wollen</marc:subfield>
   </marc:datafield>
   <marc:datafield ind1=" " ind2="1" tag="264">
      <marc:subfield code="b">GRÄFE UND UNZER Verlag GmbH</marc:subfield>
      <marc:subfield code="c">2022</marc:subfield>
   </marc:datafield>
   <marc:datafield ind1="1" ind2=" " tag="520">
      <marc:subfield code="a">Dieses Buch kann Beziehungen retten!

In seiner Praxis als Psychotherapeut staunt Michael Lehofer immer wieder, wie wenig viele Menschen darüber wissen, wie eine Liebesbeziehung 'geht'.

Da Liebe und Partnerschaft so komplex...

Weiterlesen[Thalia]</marc:subfield>
   </marc:datafield>
   <marc:datafield ind1=" " ind2=" " tag="020">
      <marc:subfield code="a">9783833882289</marc:subfield>
      <marc:subfield code="9">9783833882289</marc:subfield>
   </marc:datafield>
</marc:record>
